书目信息 |
| 题名: |
中国造纸技术史稿
|
|
| 作者: | 潘吉星 著 | |
| 分册: | ||
| 出版信息: | 北京 文物出版社 1979.3 |
|
| 页数: | 252页 | |
| 开本: | 16 | |
| 丛书名: | ||
| 单 册: | ||
| 中图分类: | TS7-092 | |
| 科图分类: | ||
| 主题词: | ||
| 电子资源: | ||
| ISBN: | ||
| 000 | 00502nam0 2200181 45 | |
| 001 | 0181011400 | |
| 005 | 20061125104743.09 | |
| 010 | @b精装@dCNY6.00 | |
| 100 | @a20810111d km y0chiy0120 ea | |
| 101 | 0 | @achi |
| 105 | @a z 000yy | |
| 200 | 1 | @Azhong guo zao zhi ji shu shi gao@Fpan jie xing@a中国造纸技术史稿@f潘吉星著 |
| 210 | @a北京@c文物出版社@d1979.3 | |
| 215 | @a252页@c无图表@d16 | |
| 690 | @aTS7-092 | |
| 701 | 0 | @a潘吉星@4著 |
| 801 | @aCN@bTSTC@c20061125 | |
| 905 | @dTS7-092@e5@f1@b218063 | |
| 中国造纸技术史稿/潘吉星著.-北京:文物出版社,1979.3 |
| 252页:无图表;16 |
| ISBN (精装):CNY6.00 |
| ● |
| 相关链接 |
|
|
|
|
正题名:中国造纸技术史稿
索取号:TS7-092/5
 
预约/预借
| 序号 | 登录号 | 条形码 | 馆藏地/架位号 | 状态 | 备注 |
| 1 | 0218063 | 001476691 | 第二样本阅览室/ [索取号:TS7-092/5] | 在馆 |